| 000 | 00812nam0a22002651 4500 | ||
|---|---|---|---|
| 001 | rc\3256302 | ||
| 005 | 20250609171238.0 | ||
| 021 |
_aRU _b[73-32799] |
||
| 035 | _a(NLR Aleph) 007384504 | ||
| 090 |
_a6544170 _c6544170 |
||
| 100 | _a20130115d1973 |||y0rusy50 ca | ||
| 101 | 0 | _arus | |
| 102 | _aRU | ||
| 105 | _aa z |||a| | ||
| 200 | 1 |
_aЛюбовь последняя... _a[В тылу _aТарас Харитонов] _eПовести _f[Ил.: Б. Эм] |
|
| 210 |
_aМосква _cСовременник _d1973 |
||
| 215 |
_a336 с. _cил. _d21 |
||
| 532 | 1 | 3 | _aВ тылу |
| 700 | 1 |
_aФедотов _bГ.Н. _f1908-1989 _gГавриил Николаевич |
|
| 702 | 1 |
_aЭм _bБ. _4440 |
|
| 801 | 0 |
_aRU _bNLR _gpsbo |
|
| 801 | 1 |
_aRU _bELAR _2rusmarc |
|
| 852 |
_aNLR _j73-3/2075 |
||
| 942 | _cBOOK | ||
| 980 | _aNB | ||